| 000 | 00966cam a2200289 a 4500 | ||
|---|---|---|---|
| 001 | 3171 | ||
| 005 | 20250819162147.0 | ||
| 020 | _a9780618840625 | ||
| 040 |
_aDLC _cDLC _dDLC _beng |
||
| 050 | 0 | 0 |
_aPZ7.L56285 _b2004 |
| 082 | 0 | 0 | _a152.4 |
| 100 | 1 | _aLester, Helen | |
| 245 | 1 | 0 |
_aHurty feelings / _cby Helen Lester ; illustrations by Lynn Munsinger. |
| 260 |
_aBoston : _bHoughton Mifflin Company , _c2004 |
||
| 300 |
_a32 pages : _bcolor illustrations ; _c25 cm. |
||
| 505 | _aO | ||
| 520 | _aIt looks like trouble when Fragility, a hippopotamus whose feelings are easily hurt, meets Rudy, a rude elephant, on the soccer field. | ||
| 521 |
_a610
_bLexile |
||
| 521 |
_aO
_bRaz-Plus |
||
| 650 | 1 |
_aEmotions _vFiction. |
|
| 650 | 1 |
_aBehavior _vFiction |
|
| 650 | 1 |
_aHippopotamuses _vFiction |
|
| 650 | 1 |
_aElephants _vFiction |
|
| 700 | 1 |
_aMunsinger, Lynn _eillustrator |
|
| 906 |
_a7 _bcbc _corignew _d1 _eecip _f20 _gy-gencatlg |
||
| 942 |
_2ddc _cBK _n0 |
||
| 999 |
_c3171 _d3171 |
||